Music Quiz

Random Music or Song Quiz

'G' Named Bands & Musicians Quiz Stats

 Plays Quiz Updated Jan 3, 2018

Challenge
Share
Tweet
Embed
Score 0/30 Timer 06:00
12 Plays Today
2 Hit Singles 'G' Band/Artist % Correct
November Rain
Sweet Child O' Mine
Guns N' Roses
92.8%
American Idiot
Basket Case
Green Day
87.7%
Let's Stay Together
You Ought To Be With Me
Al Green
85.4%
I Will Survive
Never Can Say Goodbye
Gloria Gaynor
81.4%
Let's Get it On
I Heard it Through the Grapevine
Marvin Gaye
79.5%
Clint Eastwood
Feel Good Inc.
Gorillaz
69.4%
Iris
Name
Goo Goo Dolls
69.1%
In Your Eyes
Sledgehammer
Peter Gabriel
64.7%
Invisible Touch
Tonight, Tonight, Tonight
Genesis
63.8%
We Got the Beat
Vacation
The Go-Gos
60%
Truckin'
A Touch of Grey
Grateful Dead
46.5%
American Woman/No Sugar Tonight
No Time
The Guess Who
43.5%
I'm Only Happy When It Rains
Stupid Girl
Garbage
43.2%
Radar Love
Twilight Zone
Golden Earring
40.4%
Hey Jealousy
Follow You Down/Til I Hear It From You
Gin Blossoms
37.5%
2 Hit Singles 'G' Band/Artist % Correct
Crazy
Going On
Gnarls Barkley
36.6%
Lifestyles of the Rich & Famous
The Anthem
Good Charlotte
34.3%
You Raise Me Up
To Where You Are
Josh Groban
29%
The Loco-Motion
Some Kind of Wonderful
Grand Funk Railroad
28.1%
I Try
Request Line (w/ The Black Eyed Peas)
Macy Gray
26.5%
Lost in Your Eyes
Only in My Dreams
Debbie Gibson
24.6%
Baby Baby
The Next Time I Fall (w/ Peter Cetera)
Amy Grant
23.3%
Cupid's Chokehold/Breakfast in America
Stereo Hearts (w/ Adam Levine)
Gym Class Heroes
22.2%
Pony
Differences
Ginuwine
19.1%
The Message
Freedom
Grandmaster Flash (& the Furious Five)
16.4%
Damn It Feels Good to Be a Gangsta
Mind Playing Tricks on Me
Geto Boys
12.7%
Wasted (w/ Plies)
I Get the Bag (w/ Migos)
Gucci Mane
8.1%
Straight Out of Line
Speak
Godsmack
7.8%
Amsterdam (Gonna Write You a Letter)
Satellite
Guster
6.1%
Ooh La La
Rocket
Goldfrapp
5.3%

You're not logged in!

Compare scores with friends on all Sporcle quizzes.
OR
Log In

You Might Also Like...

Show Comments

Extras

Top Quizzes Today


Score Distribution

Your Account Isn't Verified!

In order to create a playlist on Sporcle, you need to verify the email address you used during registration. Go to your Sporcle Settings to finish the process.

Report this User

Report this user for behavior that violates our Community Guidelines.

Details: